Can You Name All The Characteristics Of Sirius From Brawl Stars? - Statistics

General Stats
  • This quiz has been taken 2 times
  • The average score is 4 of 15
Answer Stats
Hint Answer % Correct
Rarity Ultra Legendary
100%
Title Banished
50%
Trio Bizarre Circus
50%
Class Controller
50%
Star Power Dusk Runners
50%
Prestige Title In The Shadows
50%
Buffies No
50%
Gadgets A Starr is Born
0%
Attack Binary Starr
0%
Voice Actor Jack Ayres
0%
Gadgets Master of Shadows
0%
Trait Over Time
0%
Super Shadow Summon
0%
Star Power The Darkest Starr
0%
Hypercharge Unlimited Power
0%
No matching quizzes found
Score Distribution
Percent of People with Each Score
Percentile by Number Answered
Your Score History
You have not taken this quiz